000 00838nam a2200229Ii 4500
003 JO-AjNU
008 230605s9999||||xx |||||||||||||| ||und||
017 _a2008/7/2223
020 _a9957-16-445-4
040 _aJO-AjNU
_bara
_erda
_cJO-AjNU
041 _aara
050 1 4 _aKMJ3795.6.H3268.2010
100 3 _a الحديثي ، فخري عبد الرزاق ، الزعبي ، خالد حميدي,
_eauthor
_931224
245 0 0 _aشرح قانون العقوبات: القسم العام
250 _aط2
264 3 1 _aعمان : دار الثقافة ، 2010
300 _a400ص
336 _atext
_btxt
_2rdacontent
337 _aunmediated
_bn
_2rdamedia
338 _avolume
_bnc
_2rdacarrier
650 4 _aالقانون الجنائي -- العقوبات -- الجريمة -- المسؤولية القانونية
_931225
999 _aA12466
_c16034
_d16034